00785 2200265 4500001002100000005001700021008004100038020001800079035002400097090001700121100002200138245011100160250001200271260003700283300003100320500003100351500001100382650002700393700002400420700002400444850001500468980001500483985000600498999001500504YOGYA-0209000002212820090227023619.0 ind  a0-256-02409-X 0010-020900000022128 a155.4bStr D aSTROMMEN, Ellen A aDevelopmental psykologybthe school-aged childcEllen A. Strommen, John Paul McKinney, Hiram E. Fitzgerald aEd. rev aHamewoodbThe Dorsey Pressc1983 axiii, 323 hlmbilusc23 cm aBibliografi : hlm. 287-308 aIndeks aPsikologi perkembangan aMcKinney, John Paul aFitzgerald, Hiram E aYOPDYOG(B) a01-13-2005 a1 a06A0016012